000 01395nab a22003017a 4500
999 _c6356
_d6356
003 OSt
005 20260131194830.0
008 190603e xxum|||| |||| 00| 0 spa d
040 _cPJ
100 _95900
_aRodríguez Pons, Leandro G.
245 1 0 _aUna necesaria relectura del instituto de la suspensión de cobertura a la luz de la evolución tecnológica y los cambios normativos /
_cLeandro Rodríguez Pons.
260 _cCiudad Autónoma de Buenos Aires :
_aThomson Reuters La Ley,
_b2025.
300 _ap. 91-103
500 _aCita: TR LALEY AR/DOC/2870/2025 Publicado en: RCCyC 2025 (Diciembre).
505 _aSumario: I. Sobre la necesidad de una reinterpretación normativa.— II. Desarrollo.— III. Posibles salidas al conflicto normativo.— IV. Reflexiones finales.
505 _t¿Te interesa el texto completo? Solicitalo al correo: koha@justierradelfuego.gov.ar
650 0 _91497
_aCODIGO CIVIL Y COMERCIAL
650 0 _91467
_aRESPONSABILIDAD CIVIL
650 0 _91923
_aLEY DE SEGUROS
650 0 _91921
_aSEGUROS
650 0 _aCOBERTURA DEL SEGURO
650 0 _aRESPONSABILIDAD DEL ASEGURADO
650 0 _aASEGURADOR
650 0 _aDERECHOS DEL CONSUMIDOR
_92608
650 0 _aMORA
_92725
773 0 _02713
_93170
_dCiudad Autónoma de Buenos Aires : Thomson Reuters La Ley, 2015-
_tRevista Código Civil y Comercial. Nº 6 - Diciembre 2025
942 _2udc
_cANA